00954nam a2200217Ia 4500003000900000008004100009020001800050040001600068080002200084111008700106245028000193260006100473300001500534490003400549650001500583650002100598650001900619700002600638700003000664710004200694IN-BaIIA211028s9999 xx 000 0 eng d a1-58381-130-3 cIIA Library a082.2:52bASP-287 aInternational Astronomical Observatories in Chile WorkshopcChiled2002 Mar. 11-15 0aGalactic star formation across the stellar mass spectrumbproceedings of the 2002 international astronomical observatories in Chile workshop held in La Sarena, Chile, 11-15 Mar 2002cedited by J. M. De Buizer and N. S. van der Bliek  aSan FranciscobAstronomical Society of the Pacificc2003 axix, 507p. aASP conference series; v. 287 aEnergetics aMolecular clouds aStar formation aDe Buizer, J. M., ed. avan der Bliek, N. S., ed. aAstronomical Society of the PacificĀ